Loading...

Science of providing milk for man

Bibliographic Details
Main Author: John R Compbell
Format: Printed Book
Language:Undetermined
Published: Mcgraw hill 1975
Newyork
Subjects:
LEADER 00639nam a2200229Ia 4500
008 141122s9999 xx 000 0 und d
020 |a 007=0096902 
040 |c . 
041 |a English 
082 |a 637 
082 |b CAM/SC 
100 |a John R Compbell 
245 |a Science of providing milk for man 
245 |c John R Compbell 
260 |b Mcgraw hill 
260 |b Newyork 
260 |c 1975 
300 |a 801 Pages 
650 |a Dairy Science-E 
942 |c BK 
999 |c 15798  |d 15798 
952 |0 0  |1 0  |4 0  |6 637_000000000000000_CAMSC  |7 0  |9 15530  |a COVAS  |b COVAS  |d 0000-00-00  |l 1  |o 637 CAM/SC  |p 7840  |r 2015-05-21  |s 2015-05-13  |w 2014-11-26  |y BK